000 00614nam a2200229 a 4500
005 20260225064009.0
008 060530s2001 ag 000 0 spa d
020 _a9501227146
035 _aUPN01000145411
049 _aCG
050 4 _aP99
_bS4.2
100 1 _aSexe, Néstor
245 1 0 _aDiseño.com /
_cNéstor Sexe.
260 _aBuenos Aires :
_bPaidós,
_c2001.
300 _a281 p.
440 0 _aEstudios de comunicación ;
_v14
650 7 _aSemiótica
_2
_96046
650 2 _aSemiología
_96047
650 4 _aCOMUNICACION Y CULTURA
_911467
650 4 _aSignos y símbolos
_96045
905 _aLibro
999 _c117557
_d117557